000 00821nam a2200217Ia 4500
001 21808
003 GE_BSU
008 181216s||||||||xx |||||||||||||| ||und||
040 _cGE_BSU
080 _a81'374.822=353.1=111
245 _aქართულ-ინგლისური ლექსიკონი : (18000 სიტყვა)
245 _cშედგენილი თამარ და ისიდორე გვარჯალაძეების მიერ.
260 _aთბილისი
260 _bსახელგამი
260 _c1947
300 _a206 გვ. 22სმ.
541 _h4ლ.
653 _aქართული ენა
653 _aქართულ-ინგლისური ლექსიკონი : (18000 სიტყვა)
942 _cBK
999 _c54741
_d54741